000 00496nam a2200169 i 4500
001 bg
100 1 _aGRAHAM, Frank D.
245 0 _aAudels Sheet Metal Workers Handy Book for Pattern Layout Men. By... /
_cFrank D. Graham, Edvin D. Anderson.
260 _aNew York :
_bTheo. Audel,
_c[1962].
300 _as. nlb. 14, 397 :
_bilustr., tab.
700 1 _aANDERSON, Edvin D.
040 _cBPK
041 _apol
080 _a621.751
942 _cKS
008 s pl f |000 0 pol
999 _c26801
_d26801
856 _uhttp://koha.tu.koszalin.pl/cgi-bin/koha/opac-detail.pl?biblionumber=26801
_yKatalog online BPK